مبادئ علم النفس التربوي / (رقم التسجيلة. 27556)
[ عرض عادي ]
| 000 -الفاتح | |
|---|---|
| حقل البيانات ثابتة الطول | 00747nam a22002057a 4500 |
| 003 - محدد رقم الضبط | |
| رقم الضبط | OSt |
| 005 - وقت وتاريخ اخر تعامل مع التسجيلة | |
| رقم الضبط | 20150408114115.0 |
| 008 - عناصر البيانات ثابتة الطول - معلومات عامة | |
| حقل البيانات ثابتة الطول | 130204s 2012le ||||fr|||| 00| 0 ara d |
| 040 ## - مصدر الفهرسة | |
| وكالة الفهرسة الأصلية | Ma-un |
| 082 ## - رقم تصنيف ديوى العشرى | |
| رقم الطبعة | 21 |
| رقم التصنيف | 370.15 |
| رقم المادة | ز ع م |
| 100 ## - المدخل الرئيسى - إسم شخصى | |
| الإسم الشخصى | الزغول، عماد عبد الرحيم |
| 9 (RLIN) | 19848 |
| 245 ## - بيان العنوان | |
| العنوان | مبادئ علم النفس التربوي / |
| بيان المسئوليه,etc | عماد عبد الرحيم الزغول. |
| 250 ## - بيان الطبعة | |
| بيان الطبعة | ط. 4. |
| 260 ## - PUBLICATION, DISTRIBUTION, ETC. (IMPRINT) | |
| مكان الناشر او الموزع | عمان، الأردن : |
| اسم الناشر او الموزع | دار المسيرة للنشر والتوزيع، |
| تاريخ النشر أو التوزيع | 2010 - 1430. |
| 300 ## - الوصف المادى | |
| التعداد | 343 ص. ؛ |
| أبعاد الوعاء | 24 سم. |
| 504 ## - تبصرة ببليوجرافية | |
| تبصرة ببليوجرافية,الخ | ببليوجرافية : ص. 333 - 343 |
| 650 ## - المدخل الاضافى بالموضوع-مصطلح موضوعى | |
| مصطلح موضوعي أو اسم جغرافي كعنصر مدخل | علم النفس التربوي |
| 650 ## - المدخل الاضافى بالموضوع-مصطلح موضوعى | |
| 9 (RLIN) | 14736 |
| مصطلح موضوعي أو اسم جغرافي كعنصر مدخل | الشخصية |
| التقسيم الفرعي العام | جوانب نفسية. |
| 942 ## - عناصر المدخل الإضافي( كوها) | |
| مصدر التصنيف او مخطط الترفيف | Dewey Decimal Classification |
| Koha [default] item type | كتاب |
| حالة الفقد | نموذج السعر الفعال | حالة تلف | ليس للاعارة | رقم الطلب | رقم النسخة | تاريخ الاكتساب | الموقع الحالي | الباركود | الفرع الرئيسي | Date last seen | نوع المادة فى نظام كوها | مصدر التصنيف او خطة الترفيف | Total Checkouts | Date last checked out | مُعار |
|---|---|---|---|---|---|---|---|---|---|---|---|---|---|---|---|
| 2013-03-10 | Not For Loan | 370.15 ز ع م | 1 | 2013-02-04 | المكتبة المركزية بالمجمعة (CL) | 00303403 | المكتبة المركزية بالمجمعة (CL) | 2013-03-10 | كتاب | Dewey Decimal Classification | |||||
| 2013-03-10 | 370.15 ز ع م | 2 | 2013-02-04 | المكتبة المركزية بالمجمعة (CL) | 00303404 | المكتبة المركزية بالمجمعة (CL) | 2013-03-10 | كتاب | Dewey Decimal Classification | ||||||
| 2013-03-10 | 370.15 ز ع م | 3 | 2013-02-04 | المكتبة المركزية بالمجمعة (CL) | 00303405 | المكتبة المركزية بالمجمعة (CL) | 2014-03-10 | كتاب | Dewey Decimal Classification | 2 | 2014-02-10 | ||||
| 2013-03-10 | Not For Loan | 370.15 ز ع م | 1 | 2013-02-04 | مكتبة كلية التربية بالزلفى - طالبات (EZF) | 00303406 | مكتبة كلية التربية بالزلفى - طالبات (EZF) | 2015-05-18 | كتاب | Dewey Decimal Classification | 3 | 2015-03-19 | |||
| 2013-03-10 | 370.15 ز ع م | 2 | 2013-02-04 | مكتبة كلية التربية بالزلفى - طالبات (EZF) | 00303407 | مكتبة كلية التربية بالزلفى - طالبات (EZF) | 2015-04-14 | كتاب | Dewey Decimal Classification | 1 | 2015-04-07 | ||||
| 2013-03-10 | Not For Loan | 370.15 ز ع م | 1 | 2013-02-04 | مكتبة كلية العلوم و الدراسات الإنسانية برماح - طالبات (SRF) | 00303410 | مكتبة كلية العلوم و الدراسات الإنسانية برماح - طالبات (SRF) | 2016-03-03 | كتاب | Dewey Decimal Classification | 3 | 2016-02-23 | |||
| 2013-03-10 | 370.15 ز ع م | 2 | 2013-02-04 | مكتبة كلية العلوم و الدراسات الإنسانية برماح - طالبات (SRF) | 00303411 | مكتبة كلية العلوم و الدراسات الإنسانية برماح - طالبات (SRF) | 2014-04-30 | كتاب | Dewey Decimal Classification | 3 | 2014-04-27 | ||||
| 2013-03-10 | Not For Loan | 370.15 ز ع م | 1 | 2013-02-04 | مكتبة مجمع الطالبات بالمجمعة (EMF) | 00303408 | مكتبة مجمع الطالبات بالمجمعة (EMF) | 2018-11-29 | كتاب | Dewey Decimal Classification | 2 | 2018-11-15 | |||
| 2013-03-10 | 370.15 ز ع م | 2 | 2013-02-04 | مكتبة مجمع الطالبات بالمجمعة (EMF) | 00303409 | مكتبة مجمع الطالبات بالمجمعة (EMF) | 2014-09-22 | كتاب | Dewey Decimal Classification | 1 | 2014-09-22 | 2014-10-22 |
